00820nam a22001937a 4500003001100000005001700011008004100028040001000069100002000079245009800099260003900197300004800236500008100284650006600365650008400431650004100515650004900556700002100605FranzMayer20190828133321.0190828b ||||| |||| 00| 0 eng d cFranz aEngel, Ludovico aCollegium Universi Juris Canonici /cauctore P. Ludovico Engel; annotationes Caspari Barthel. aBaglioni (Venecia, Italia):c1760. a1 v. (en varias paginaciones);c37 x 23 cm. aEstado físico: en mal estado. Se encuentra en el Área de Restauración. aCorpus iuris canonicixDecretales yObras anteriores a 1800  aMonacato y órdenes religiosas (Derecho canónico) yObras anteriores a 1800  aSacerdotes yObras anteriores a 1800 aDerecho canónico yObras anteriores a 1800 aBarthel, Caspari